000
00326nam a22001337a 4500
008
181023b xxu||||| |||| 00| 0 eng d
020
_a
9781413032871
041
_a
eng
080
_a
4 ED
_b
370
100
_a
37
101
_a
EDU
245
_a
Foundations Areader For New College Students
_c
Gordon.V.A
942
_2
udc
_c
BK
999
_c
50665
_d
50665